000 01193nam a22001577a 4500
999 _c518866
_d518866
008 211217b ||||| |||| 00| 0 eng d
100 _aLens, Vicki and Kanelstein, Samantha
_931100
245 _aMapping immigration policy at the southern border: An administrative and judicial analysis
260 _aAdministration & Society
300 _a53(6), Jul, 2021: p.817-843
520 _aPresidents are increasingly relying on a mode of governing—presidentialism—that produces radical shifts in public policy through the administrative state, rather than through Congress. Most recently, using the tools of the administrative state rather than legislative action, the Trump Administration has reinterpreted the laws governing asylum, especially as to citizens from Central America seeking refuge from violence and dire poverty. Through a legal analysis of the judiciary’s response to these reforms, this article examines the limits and constraints of presidential administrative power. – Reproduced
650 _aImmigration law, Asylum, Presidentialism, Administrative state, Judiciary
_928858
773 _aAdministration & Society
906 _aIMMIGRATION LAW
942 _cAR